ბათუმის შოთა რუსთაველის სახელმწიფო უნივერსიტეტის ბიბლიოთეკა

ლიხს იქით და ლიხს აქეთ საქართველო გიყვარდეთ! (ბიბ.ჩანაწერი № 42413)

000 -LEADER
fixed length control field 00931nam a2200229Ia 4500
001 - CONTROL NUMBER
control field 9109
003 - CONTROL NUMBER IDENTIFIER
control field GE_BSU
008 - FIXED-LENGTH DATA ELEMENTS--GENERAL INFORMATION
fixed length control field 181216s||||||||xx |||||||||||||| ||und||
040 ## - CATALOGING SOURCE
Transcribing agency GE_BSU
080 ## - UNIVERSAL DECIMAL CLASSIFICATION NUMBER
Universal Decimal Classification number 82-93
100 ## - MAIN ENTRY--PERSONAL NAME
Personal name ლებანიძე,მურმან
245 ## - TITLE STATEMENT
Title ლიხს იქით და ლიხს აქეთ საქართველო გიყვარდეთ!
245 ## - TITLE STATEMENT
Remainder of title ლექსები უმცროსკლასელთათვის
245 ## - TITLE STATEMENT
Statement of responsibility, etc. რედ.ჯ.ბაჯელიძე.მხატვ.თ.მირზაშვილი
250 ## - EDITION STATEMENT
Edition statement მეორე გამ–მა
260 ## - PUBLICATION, DISTRIBUTION, ETC.
Place of publication, distribution, etc. თბილისი
260 ## - PUBLICATION, DISTRIBUTION, ETC.
Name of publisher, distributor, etc. ნაკადული
260 ## - PUBLICATION, DISTRIBUTION, ETC.
Date of publication, distribution, etc. 1981
300 ## - PHYSICAL DESCRIPTION
Extent 240გვ.ილ.21სმ.
653 ## - INDEX TERM--UNCONTROLLED
Uncontrolled term ლიხს იქით და ლიხს აქეთ საქართველო გიყვარდეთ!
942 ## - ADDED ENTRY ELEMENTS (KOHA)
Koha item type წიგნი
ეგზემპლარები
Withdrawn status Lost status Damaged status Not for loan Date acquired Barcode Date last seen Price effective from Koha item type
        2018-12-17 31744 2018-12-17 2018-12-17 წიგნი
        2018-12-17 31745 2018-12-17 2018-12-17 წიგნი
        2018-12-17 41281 2018-12-17 2018-12-17 წიგნი
        2018-12-17 41282 2018-12-17 2018-12-17 წიგნი